000 00302nam a22001337a 4500
008 181001b xxu||||| |||| 00| 0 eng d
020 _a9780471614432
041 _aeng
080 _a510
100 _a37
101 _aMAT
245 _aPrecalculus a prelude to calculus
_cAxler,Sh
942 _2udc
_cBK
999 _c48743
_d48743